000 00390nam a22001457a 4500
082 _a624.5
_bMUN
_cN-01, P-89
100 _aPortland Cement Association.,
_943435
245 _aRectangular concrete tanks/
250 _a5th ed.
260 _cc 1998.
300 _aVarious paging. :
_bTable.;
_c28cm
526 _a0
_b0
_c0
_d624_500000000000000_MUN
650 _aNUST
_96342
942 _2ddc
_cBK
999 _c547246
_d547246